BASIC MATHEMATICS (Record no. 35962)
[ view plain ]
| 000 -LEADER | |
|---|---|
| fixed length control field | 00378nam a22001457a 4500 |
| 003 - CONTROL NUMBER IDENTIFIER | |
| control field | OSt |
| 005 - DATE AND TIME OF LATEST TRANSACTION | |
| control field | 20230916114111.0 |
| 008 - FIXED-LENGTH DATA ELEMENTS--GENERAL INFORMATION | |
| fixed length control field | 230916b |||||||| |||| 00| 0 eng d |
| 020 ## - INTERNATIONAL STANDARD BOOK NUMBER | |
| International Standard Book Number | 9789355854575 |
| 040 ## - CATALOGING SOURCE | |
| Transcribing agency | COMPLIMENTARY |
| 082 ## - DEWEY DECIMAL CLASSIFICATION NUMBER | |
| Edition number | i |
| Classification number | 510 |
| Item number | 510/SHI/NIR |
| 245 ## - TITLE STATEMENT | |
| Title | BASIC MATHEMATICS |
| Statement of responsibility, etc. | SHINDE VITTHAL B |
| 260 ## - PUBLICATION, DISTRIBUTION, ETC. | |
| Place of publication, distribution, etc. | PUNE |
| Name of publisher, distributor, etc. | TECHNICAL PUBLICATION |
| Date of publication, distribution, etc. | 2023 |
| 942 ## - ADDED ENTRY ELEMENTS (KOHA) | |
| Source of classification or shelving scheme | Dewey Decimal Classification |
| Koha item type | BOOK |
| Suppress in OPAC | No |
| Withdrawn status | Lost status | Source of classification or shelving scheme | Damaged status | Not for loan | Collection | Home library | Current library | Date acquired | Total Checkouts | Barcode | Date last seen | Date last checked out | Price effective from | Koha item type |
|---|---|---|---|---|---|---|---|---|---|---|---|---|---|---|
| Dewey Decimal Classification | AFT | AGNEL TECHNICAL COLLEGE LIBRARY | Fr. Agnel's C.Rodrigues- College of Engineering | 16/09/2023 | 1 | AFT8320 | 16/09/2023 | 16/09/2023 | 16/09/2023 | BOOK |